An investigation into linguistic features of participants in the processes in English and Vietnamese from the functional grammar aspect
Introduction; Literature review and theoretical background; Method and procedure...
Đã lưu trong:
| Hovedforfatter: | |
|---|---|
| Andre forfattere: | |
| Format: | Ukendt |
| Sprog: | English |
| Udgivet: |
Đà Nẵng :
The University of Da Nang,
2011.
|
| Fag: | |
| Tags: |
Tilføj Tag
Ingen Tags, Vær først til at tagge denne postø!
|
| Thư viện lưu trữ: | Mạng thư viện Đại học Đà Nẵng |
|---|
| LEADER | 03055na a2200397 4500 | ||
|---|---|---|---|
| 001 | 000030964 | ||
| 003 | 5116 | ||
| 005 | 20230216100629.0 | ||
| 008 | 151001s2011 000 eng | ||
| 040 | |a Lnn |c Lnn |d Lnn | ||
| 041 | 0 | |a eng | |
| 082 | 0 | 4 | |a 428.2 |b NG-T |
| 100 | 1 | |a Nguyen, Phan Cam Tu. | |
| 245 | 1 | 3 | |a An investigation into linguistic features of participants in the processes in English and Vietnamese from the functional grammar aspect |h [Thesis-Luận văn thạc sĩ] / |c Nguyen Phan Cam Tu ; Phan Van Hoa hướng dẫn. |
| 260 | |a Đà Nẵng : |b The University of Da Nang, |c 2011. | ||
| 300 | |a 105 p. ; |c 29 cm. + |e 1 Abstract. | ||
| 500 | |a Master thesis in the English language. Field: The English language. Code: 60.22.15. | ||
| 520 | 3 | |a Introduction; Literature review and theoretical background; Method and procedure... | |
| 630 | 0 | 4 | |a English language. |
| 650 | 0 | 4 | |a English language |a functional grammar aspect |x Linguistic features. |
| 650 | 0 | 4 | |a Englis language |x Grammar. |
| 700 | 1 | |a Phan Van Hoa, |c Assoc. Prof. Dr., |e Supervisor. | |
| OWN | |a LNN | ||
| 902 | |a lvths | ||
| AVA | |a UDN50 |b LNN |c English |d 428.2 NG-T |e available |t Error 5001 Not defined in file expand_doc_bib_avail. |f 1 |g 0 |h N |i 0 |j AN |k 1 | ||
| Z40 | 3 | |y An investigation into linguistic features of participants in the processes in English and Vietnamese |l Library of UFL |t VIEW |x http://catalog.udn.vn:80/F?func=service&doc_library=UDN01&local_base=UDN01&doc_number=000030964&sequence=000001&line_number=0001&func_code=DB_RECORDS&service_type=MEDIA |f CAMTU_thesis_tomtat_000008786.pdf |e pdf |s 000536162 |k 20200929 |m NTMTHI | |
| Z40 | 3 | |y An investigation into linguistic features of participants in the processes in English and Vietnamese |l Library of UFL |t VIEW |x http://catalog.udn.vn:80/F?func=service&doc_library=UDN01&local_base=UDN01&doc_number=000030964&sequence=000002&line_number=0002&func_code=DB_RECORDS&service_type=MEDIA |f CAMTU_THESIS_SAUBV_000008788.pdf |e pdf |s 001676889 |k 20200929 |m NTMTHI | |
| 999 | |a From the UDN01 | ||
| AVA | |a UDN50 |b LNN |c English |d 428.2 NG-T |e available |t Error 5001 Not defined in file expand_doc_bib_avail. |f 1 |g 0 |h N |i 0 |j AN |k 1 | ||
| TYP | |a Printed language | ||
| 856 | |y An investigation into linguistic features of participants in the processes in English and Vietnamese |l Library of UFL |t VIEW |x http://catalog.udn.vn:80/F?func=service&doc_library=UDN01&local_base=UDN01&doc_number=000030964&sequence=000001&line_number=0001&func_code=DB_RECORDS&service_type=MEDIA |f CAMTU_thesis_tomtat_000008786.pdf |e pdf |s 000536162 |k 20200929 |m NTMTHI | ||
| 856 | |y An investigation into linguistic features of participants in the processes in English and Vietnamese |l Library of UFL |t VIEW |x http://catalog.udn.vn:80/F?func=service&doc_library=UDN01&local_base=UDN01&doc_number=000030964&sequence=000002&line_number=0002&func_code=DB_RECORDS&service_type=MEDIA |f CAMTU_THESIS_SAUBV_000008788.pdf |e pdf |s 001676889 |k 20200929 |m NTMTHI | ||
| 980 | |a Mạng thư viện Đại học Đà Nẵng | ||